| 000 | 01017nam a22002537a 4500 | ||
|---|---|---|---|
| 999 |
_c65573 _d65573 |
||
| 005 | 20240530110832.0 | ||
| 008 | 190903s1988 ua a g b 000 0 ara d | ||
| 017 |
_bمصر. دار الكتب _a88/2775 |
||
| 040 |
_aEG-CaGPL _cEG-CaGPL |
||
| 082 | 0 | 4 |
_221 _a230 \ _bح م |
| 100 | 0 | _aالحافظ الدمياطى | |
| 245 | 1 | 2 |
_aالمتجر الرابح فى ثواب العمل الصالح / _cالحافظ الدمياطى ؛ خرج احاديثه عبدالله حجاج |
| 250 | _aط.1 | ||
| 260 |
_aالقاهرة : _bالهيئة المصرية العامة للكتاب، _c1988 . |
||
| 300 |
_a632 ص. ؛ _c24 سم. |
||
| 504 | _aيشتمل على ارجاعات ببليوجرافية | ||
| 650 | 0 | 7 |
_2qrmak _aالقران الكريم _xتفسير |
| 650 | 0 | 7 |
_aالقران الكريم _xسور وايات _2qrmak |
| 650 | 0 | 7 |
_aالاخلاق الاسلامية _2qrmak |
| 651 | _2qrmak | ||
| 700 | 0 | _aعبدالله حجاج | |
| 942 |
_2ddc _cBK |
||